| 000 | 00726nam a2200169 a 4500 | ||
|---|---|---|---|
| 008 | 110526s1980 ||||||||||||||||| || u | ||
| 050 | _aCOMM (02) | ||
| 110 | _aCommonwealth Secretariat | ||
| 245 | 1 | 0 | _aMultilateral trade negotiations: a compedium of seminar reports |
| 260 |
_aLondon: _bCommonwealth Secretariat _c1980 |
||
| 300 | _aiii, 85p. | ||
| 350 | _a0.00 | ||
| 500 | _aHong Kong seminar 22-26 January, 1979; Bangkok seminar 1-8 May, 1978; Bangkok seminar 14-18 November, 1977 | ||
| 650 | _aMULTILATERAL TRADE | ||
| 650 | _aTRADE POLICY--ZIMBABWE | ||
| 995 |
_D0.00 _FCBU-MAIN LIBRARY (Kitwe) _H1 _I0.00 _M1 _UAVAILABLE _WMay 26, 2011 _ZInternational Publications |
||
| 999 |
_c51767 _d51767 |
||